00757nam a2200253 a 4500001001300000003000900013005001700022008004100039020001000080082002000090100001600110245005500126260005000181300000900231500003500240505002100275650002200296650001600318700001600334902000800350942000700358952012100365999001700486nice12345678IN_TiNIC20260116014311.0080403s2008 dela grp 000 0 eng  ac99500a954.035092bSHA aSharma, K C aModerates and Extremistsb Ideological Differences aDelhi bVista International Pub. House c2008 a372p aincludes index and biblioraphy2 aglossary, biblio aIndia-Nationalism aNationalism1 aSharma, K C bSRS cBK 001040708StackRoom-aHMIbHMId2008-04-03g995.00l0o954.035092 SHAp022344r2008-04-03v995.00w2008-04-03yBK c14713d14713